000 00274nam a2200121Ia 4500
008 191201s2014 xx 000 0 und d
100 _aSHARMA,Ashok
245 0 _aCompany Law
260 _aN. delhi
_bV.K.Galobal
_c2014
300 _a310
650 _aBBA
942 _2ddc
_cBK
_01
999 _c6304
_d6304